000 00476nam a22001937a 4500
003 MPLRDC
005 20220104123533.0
008 210129b ||||| |||| 00| 0 eng d
020 _a957-9140-72-3
082 _a427.11 CCJK
100 _a佑文出版社编辑部
245 _a美味粥与小菜
_c
250 _a初版
260 _a
_b佑文出版社
_c1995
300 _b
490 _a吃出健康系列. 5
650 _a中菜食谱
942 _cBK
_o427.11 CCJK
999 _c12207
_d12197